[Event "SWE-chT 0304"]
[Site "Sweden"]
[Date "2003.??.??"]
[Round "5"]
[White "Johansen, Peter"]
[Black "Bjork, Carl Magnus"]
[Result "0-1"]
[WhiteElo "2146"]
[BlackElo "2475"]
[PlyCount "116"]
[EventDate "2003.10.??"]
[EventType "team"]
[EventRounds "11"]
[EventCountry "SWE"]
[SourceTitle "EXT 2005"]
[Source "ChessBase"]
[SourceDate "2004.11.15"]
[SourceVersion "1"]
[SourceVersionDate "2004.11.15"]
[SourceQuality "1"]
[WhiteTeam "Passanten"]
[BlackTeam "Stockholm Rockaden"]
[WhiteTeamCountry "SWE"]
[BlackTeamCountry "SWE"]

1. e4 e6 2. d4 d5 3. exd5 exd5 4. Bd3 Nc6 5. c3 Bd6 6. Ne2 Qf6 7. Qc2 Nge7 8. Nd2 Bg4 9. Nf1 0-0-0 10. Ne3 Be6 11. Bd2 h5 12. h4 g6 13. 0-0-0 Kb8 14. Rdf1 Qg7 15. g3 f6 16. f4 f5 17. Bb5 a6 18. Bxc6 Nxc6 19. Ng1 Ne7 20. b4 Ng8 21. Nf3 Nf6 22. Ng5 Rhe8 23. Re1 Bg8 24. Nd1 Qd7 25. Nb2 Ne4 26. Nxe4 dxe4 27. Nd1 Bc4 28. Kb2 Bf8 29. Be3 Re6 30. Ka1 Rc6 31. Rh2 Qf7 32. Bc1 a5 33. bxa5 Ra6 34. Ne3 Rxa5 35. Nxc4 Qxc4 36. Be3 Ra3 37. Rc1 Rd6 38. Qe2 Qa4 39. Qc2 Qa5 40. Bd2 Ra6 41. Be1 Qd5 42. Rb1 R6a4 43. Rb2 Kc8 44. Kb1 Ra6 45. Qe2 c6 46. Qf1 Rxa2 47. Rxa2 Qb3+ 48. Kc1 Rxa2 49. Rxa2 Qxa2 50. Kd1 Ba3 51. Bd2 Qb1+ 52. Ke2 Qd3+ 53. Ke1 Qxg3+ 54. Kd1 Qxh4 55. Qc4 Qf6 56. d5 Be7 57. dxc6 Qxc6 58. Qg8+ Kd7 0-1